Personnages de Tom Sawyer (Dessin animé 1980) - Statistiques

Statistiques générales
  • Ce quiz a été pris 167 fois
    109 depuis la dernière actualisation
  • Le résultat moyen est 12 sur 20
Statistiques - réponses
Par images Réponse % Correct
Tom Sawyer
94%
Huckleberry « Huck » Finn
92%
Joe l'Indien
84%
Rebecca « Becky » Thatcher
83%
Mary Sawyer
78%
Polly Sawyer
76%
Jim Hollis
69%
Ben Rogers
67%
Mr Dobbins
66%
Shérif Collins
53%
Muff Potter
48%
Cid Sawyer
46%
Lisette Jean
45%
Peter
45%
Amy Lawrence
43%
Dr. Mitchell
42%
Joe Harper
42%
Arthur O'Connor
35%
Alfred
31%
Charlie
20%
Aucun quiz correspondant
Distribution des résultats
% des personnes avec chaque résultat
Percentile par nombre de réponses
Votre historique - résultats
Vous n’avez pas pris ce quiz depuis la dernière actualisation